000 00599nam a2200157 a 4500
008 081204s2007 ||||||||||||||||| || u
020 _a9781403144843
050 _aBP 605.S2 Hub
100 _aHubbard, L. Ron (La Fayette Ron)
245 1 0 _aDianetics: the modern science of mental health
260 _aLos Angeles, CA
_bBridge Publications
_c2007
300 _axv, 679p: ill.
350 _a0.00
650 _aDIANETICS
995 _D135000.00
_FCBU-MAIN LIBRARY (Kitwe)
_H1
_I0.00
_M1
_UAVAILABLE
_WDec 4, 2008
_ZMain Library Open Access Collection
999 _c40066
_d40066